Fungsi & arti kebatinan, untuk pribadi dan revolusi. (Record no. 87087)

MARC details
000 -LEADER
fixed length control field 00619cam a22002171 4500
001 - CONTROL NUMBER
control field sa 68016423
003 - CONTROL NUMBER IDENTIFIER
control field DLC
005 - DATE AND TIME OF LATEST TRANSACTION
control field 20260227112654.0
008 - FIXED-LENGTH DATA ELEMENTS--GENERAL INFORMATION
fixed length control field 790126s1965 io 000 0 ind
010 ## - LIBRARY OF CONGRESS CONTROL NUMBER
LC control number sa 68016423
035 ## - SYSTEM CONTROL NUMBER
System control number (OCoLC)4589577
040 ## - CATALOGING SOURCE
Original cataloging agency DLC
Transcribing agency OAU
Modifying agency DLC
042 ## - AUTHENTICATION CODE
Authentication code premarc
050 00 - LIBRARY OF CONGRESS CALL NUMBER
Classification number BL2015.M9
Item number S68
100 1# - MAIN ENTRY--PERSONAL NAME
Personal name Sosrosudigdo, Sarwedi.
245 10 - TITLE STATEMENT
Title Fungsi & arti kebatinan, untuk pribadi dan revolusi.
246 3# - VARYING FORM OF TITLE
Title proper/short title Fungsi dan arti kebatinan, untuk pribadi dan revolusi
260 ## - PUBLICATION, DISTRIBUTION, ETC.
Place of publication, distribution, etc. Djakarta,
Name of publisher, distributor, etc. Balai Pustaka,
Date of publication, distribution, etc. 1965.
300 ## - PHYSICAL DESCRIPTION
Extent 114 p.
Dimensions 16 cm.
650 #0 - SUBJECT ADDED ENTRY--TOPICAL TERM
Topical term or geographic name entry element Mysticism
Geographic subdivision Indonesia.

No items available.

Powered by Koha